[Event "Chigorin Memorial"]
[Site "St Petersburg RUS"]
[Date "2013.10.11"]
[Round "7.59"]
[White "Trapeznikova, Darya"]
[Black "Nakar, Eylon"]
[Result "0-1"]
[BlackTitle "IM"]
[WhiteElo "2048"]
[BlackElo "2390"]
[WhiteFideId "24121118"]
[BlackFideId "2811111"]
[EventDate "2013.10.05"]

1. d4 Nf6 2. c4 g6 3. Nc3 Bg7 4. e4 d6 5. Nf3 O-O 6. Be2 e5 7. d5 a5 8. Bg5 h6
9. Bh4 Na6 10. Nd2 Qe8 11. f3 Nh5 12. b3 f5 13. a3 Bf6 14. Bf2 Nf4 15. O-O h5
16. b4 Bd7 17. c5 axb4 18. axb4 Nxb4 19. Qb3 Nbd3 20. Bxd3 Nxd3 21. Qxb7 Nxf2
22. Kxf2 Rb8 23. Qa7 Rb2 24. Ra2 Qb8 25. Rd1 Bg5 26. Ke1 Rxa2 27. Qxa2 Qb4 28.
Rc1 Qxc5 29. Ne2 Qb4 30. Rxc7 fxe4 31. Rxd7 e3 32. Kd1 exd2 33. Qc2 Kh8 34. Ra7
Qh4 35. g3 Qxh2 36. f4 Qf2 37. Kxd2 Qxa7 38. Qxg6 Bf6 0-1

[Event "Chigorin Memorial"]
[Site "St Petersburg RUS"]
[Date "2013.10.11"]
[Round "7.60"]
[White "Grigoriev, Maxim G."]
[Black "Shinkevich, Vitaly"]
[Result "1/2-1/2"]
[BlackTitle "IM"]
[WhiteElo "2211"]
[BlackElo "2489"]
[WhiteFideId "24120774"]
[BlackFideId "4122690"]
[EventDate "2013.10.05"]

1. d4 Nf6 2. c4 g6 3. Nc3 d5 4. cxd5 Nxd5 5. Bd2 Bg7 6. e4 Nb6 7. Be3 O-O 8. Bb5
f5 9. exf5 Bxf5 10. Nge2 Nc6 11. O-O Kh8 12. Rc1 Nb4 13. Nf4 c6 14. Be2 N4d5 15.
Nfxd5 Nxd5 16. Nxd5 Qxd5 17. Bc4 Qd6 18. Qe2 Be6 19. Rfd1 Bxc4 20. Qxc4 Rad8 21.
h3 Rf5 22. Re1 Rd5 23. Qa4 a6 24. Rc5 Bf6 25. Rxd5 Qxd5 26. Qb4 Rd7 27. b3 Kg8
28. Kh1 Kf8 29. Bh6+ Kf7 30. Be3 Ke8 31. Kg1 Kd8 32. Qb6+ Ke8 33. Qb4 Qb5 34.
Qc3 Kd8 35. Rd1 Kc8 36. Rd2 Qf5 37. Qc4 Rd5 38. a4 Qb1+ 39. Kh2 Qe4 40. b4 Kd7
41. b5 axb5 42. axb5 Rxb5 43. Qg8 h5 44. Ra2 Qe6 45. Qa8 Qd6+ 46. g3 g5 47. d5
Kc7 48. dxc6 Qxc6 49. Qa4 Rb1 50. Qa5+ Kc8 51. Qa8+ Kc7 52. Qa5+ Kc8 53. Qa8+
Kc7 54. Qa5+ 1/2-1/2

[Event "Chigorin Memorial"]
[Site "St Petersburg RUS"]
[Date "2013.10.11"]
[Round "7.61"]
[White "Paravyan, David"]
[Black "Vorobjev, Dmitry"]
[Result "1-0"]
[WhiteElo "2444"]
[BlackElo "2190"]
[WhiteFideId "4194985"]
[BlackFideId "24112178"]
[EventDate "2013.10.05"]

1. d4 Nf6 2. c4 g6 3. g3 Bg7 4. Bg2 O-O 5. Nf3 d6 6. O-O Nc6 7. Nc3 a6 8. Be3
Ng4 9. Bg5 h6 10. Bd2 e5 11. dxe5 dxe5 12. Qc1 Be6 13. h3 Nf6 14. Bxh6 Bxc4 15.
Bxg7 Kxg7 16. Qe3 Re8 17. Rfd1 Qb8 18. Qc5 Be6 19. Ng5 Qa7 20. Na4 Qxc5 21.
Nxe6+ fxe6 22. Nxc5 e4 23. Rac1 Nd8 24. Nxb7 1-0

[Event "Chigorin Memorial"]
[Site "St Petersburg RUS"]
[Date "2013.10.11"]
[Round "7.63"]
[White "Ponomarev, Dmitry"]
[Black "Antinyan, Armen"]
[Result "1/2-1/2"]
[WhiteTitle "IM"]
[WhiteElo "2395"]
[BlackElo "2179"]
[WhiteFideId "24112046"]
[BlackFideId "13303112"]
[EventDate "2013.10.05"]

1. d4 d6 2. c4 Nd7 3. Nc3 e5 4. Nf3 c6 5. g3 Be7 6. Bg2 Ngf6 7. O-O O-O 8. Qc2
Qc7 9. b3 Rb8 10. Bb2 b5 11. cxb5 cxb5 12. Rfc1 Qb6 13. dxe5 dxe5 14. Ne4 Nxe4
15. Qxe4 Nc5 16. Qxe5 Bf6 17. Qxb8 Qxb8 18. Bxf6 Ne6 19. Be5 Qb6 20. Rc2 Bb7 21.
Rac1 h6 22. Rd2 Rc8 23. Rcd1 Qa5 24. Bh3 Re8 25. Bd6 Bxf3 26. b4 Qa3 27. Rd3
Qxa2 28. exf3 Ng5 29. Bf1 Qc2 30. Kg2 Qc6 31. Bc5 a5 32. h4 axb4 33. Bxb4 Ne6
34. Rc3 Qb7 35. Re3 Qa6 36. Ra3 Qb7 37. Re3 Rb8 38. Kg1 Rc8 39. f4 Qb6 40. Red3
Rc2 41. Be1 g6 42. Rd5 Nc5 43. Rd6 Qb7 44. Bg2 Qe7 45. Bf3 Ne4 46. R6d3 Nc5 47.
Re3 Qf6 48. Re5 Qb6 49. h5 Kg7 50. hxg6 Qxg6 51. Bh5 Qf6 52. Rdd5 Qb6 53. Re7
Rc1 54. Rxf7+ Kg8 55. Re5 Qc6 56. Rfe7 Nd7 57. Re8+ Nf8 58. Kh2 b4 59. Rf5 Qxe8
60. Bxe8 Rxe1 61. Ba4 Rb1 62. Rf6 Kg7 63. Rb6 Rb2 64. Kg2 Ng6 65. Kf3 Ne7 66.
Bc6 Nf5 67. Ke4 Nd6+ 68. Kd5 Nc8 69. Rb7+ Kf6 70. Bd7 Rd2+ 71. Kc5 Ne7 72. Rb6+
Kg7 73. Bg4 h5 74. Bf3 h4 75. gxh4 Rxf2 1/2-1/2

[Event "Chigorin Memorial"]
[Site "St Petersburg RUS"]
[Date "2013.10.11"]
[Round "7.64"]
[White "Bublei, Pavel"]
[Black "Drachev, Oleg"]
[Result "1-0"]
[WhiteTitle "FM"]
[WhiteElo "2328"]
[BlackElo "2176"]
[WhiteFideId "24112593"]
[BlackFideId "24193933"]
[EventDate "2013.10.05"]

1. d4 d6 2. e4 Nf6 3. Nc3 g6 4. Be3 c6 5. Qd2 b5 6. Bd3 Nbd7 7. h3 e5 8. Nf3 Bg7
9. O-O O-O 10. dxe5 dxe5 11. a4 b4 12. Ne2 c5 13. Ng3 Bb7 14. b3 Qc7 15. Bh6 Ne8
16. Rad1 Bxh6 17. Qxh6 Ng7 18. Ng5 Nf6 19. Bc4 Rae8 20. Rd3 Ne6 21. Nh5 gxh5 22.
Rg3 Ng7 23. Nxh7 Ng4 24. Nf6+ 1-0

[Event "Chigorin Memorial"]
[Site "St Petersburg RUS"]
[Date "2013.10.11"]
[Round "7.65"]
[White "Pranizin, Gennady"]
[Black "Melnikov, Dmitry"]
[Result "1-0"]
[BlackTitle "FM"]
[WhiteElo "2187"]
[BlackElo "2311"]
[WhiteFideId "24131393"]
[BlackFideId "4146468"]
[EventDate "2013.10.05"]

1. e4 e5 2. Nf3 Nc6 3. Bb5 Nd4 4. Nxd4 exd4 5. O-O Bc5 6. Bc4 d6 7. d3 Nf6 8. a3
O-O 9. Bg5 h6 10. Bh4 Re8 11. Nd2 c6 12. b4 Bb6 13. f4 Qe7 14. e5 dxe5 15. Bxf6
gxf6 16. f5 Kh7 17. Ne4 Rg8 18. Qh5 Rg5 19. Nxg5+ fxg5 20. f6 Qf8 21. Bxf7 e4 1-0

[Event "Chigorin Memorial"]
[Site "St Petersburg RUS"]
[Date "2013.10.11"]
[Round "7.66"]
[White "Grigoryeva, Olga A."]
[Black "Aharon, Ofir"]
[Result "1-0"]
[WhiteTitle "WFM"]
[BlackTitle "FM"]
[WhiteElo "2166"]
[BlackElo "2310"]
[WhiteFideId "24132594"]
[BlackFideId "2800683"]
[EventDate "2013.10.05"]

1. d4 Nf6 2. c4 g6 3. e3 d5 4. cxd5 Nxd5 5. e4 Nb6 6. Nc3 Bg7 7. Be3 O-O 8. Qd2
Nc6 9. O-O-O f5 10. e5 Nb4 11. h4 Be6 12. b3 c5 13. dxc5 Nd7 14. f4 Qa5 15. Bc4
Bxc4 16. bxc4 e6 17. a3 Qxa3+ 18. Qb2 Qxb2+ 19. Kxb2 Rfd8 20. Nf3 Na6 21. Na4 h6
22. Rd6 Kf7 23. Rhd1 Ke7 24. c6 bxc6 25. Nd4 Nxe5 26. fxe5 Rxd6 27. exd6+ Kxd6
28. Kc1 Ke5 29. Nxc6+ Ke4 30. Bxa7 Nb4 31. Nc5+ Kf4 32. Nxe6+ Kg3 33. Nxb4 Rxa7
34. Nxg7 Rxg7 35. Rd2 Re7 36. c5 Re4 37. Nd5 Re1+ 38. Kb2 Re6 39. Rc2 Rc6 40.
Nb4 Rc8 41. c6 Kxh4 42. Nd5 Kg3 43. c7 g5 44. Ne7 Rxc7 45. Nxf5+ Kf4 46. Rxc7
Kxf5 47. Kc2 Kg4 48. Rc3 h5 49. Kd2 h4 50. Ke2 1-0

[Event "Chigorin Memorial"]
[Site "St Petersburg RUS"]
[Date "2013.10.11"]
[Round "7.67"]
[White "Pyatin, Alexander"]
[Black "Rozanov, Pavel B."]
[Result "1-0"]
[BlackTitle "FM"]
[WhiteElo "2146"]
[BlackElo "2309"]
[WhiteFideId "24125920"]
[BlackFideId "4129270"]
[EventDate "2013.10.05"]

1. e4 d6 2. d4 Nf6 3. Nc3 g6 4. Be3 c6 5. Be2 Nbd7 6. h3 b5 7. a3 Bb7 8. f4 Nb6
9. Nf3 Bg7 10. O-O a5 11. e5 Nfd5 12. Nxd5 Nxd5 13. Bd2 Qb6 14. Kh1 c5 15. c3
O-O 16. Qe1 cxd4 17. cxd4 b4 18. Qh4 Rac8 19. Bd3 bxa3 20. bxa3 Ba6 21. Rfb1 Qa7
22. Be4 Nc3 23. Bxc3 Rxc3 24. f5 dxe5 25. fxg6 hxg6 26. Ng5 Rfc8 27. Bxg6 Bc4
28. Bxf7+ Bxf7 29. Qh7+ Kf8 30. Rf1 1-0

[Event "Chigorin Memorial"]
[Site "St Petersburg RUS"]
[Date "2013.10.11"]
[Round "7.68"]
[White "Shpartko, Grigory"]
[Black "Solovyov, Viktor"]
[Result "0-1"]
[WhiteElo "2135"]
[BlackElo "2298"]
[WhiteFideId "24122254"]
[BlackFideId "4102754"]
[EventDate "2013.10.05"]

1. g3 Nf6 2. c4 c6 3. Bg2 d5 4. b3 Bf5 5. Nf3 e6 6. O-O Be7 7. d3 Nbd7 8. Nbd2
O-O 9. Bb2 h6 10. Re1 Bh7 11. Qc2 a5 12. e4 a4 13. Rad1 Qa5 14. Nd4 Rfd8 15.
exd5 cxd5 16. N2f3 Bb4 17. Re2 axb3 18. axb3 Rac8 19. Bh3 dxc4 20. bxc4 Qh5 21.
Bg2 Bd6 22. Nb5 Bb8 23. Qc3 Nc5 24. d4 Na4 25. Qb3 Nxb2 26. Rxb2 Be4 27. Re1 Bc6
28. Rbe2 Bxb5 29. cxb5 Nd5 30. Ne5 Qf5 31. Be4 Qf6 32. Rc2 Rxc2 33. Qxc2 Qe7 34.
Bh7+ Kf8 35. Be4 Qb4 36. Rb1 Qxd4 37. Nf3 Qc3 38. Qa2 Qc5 39. Bxd5 Qxd5 40. Qxd5
Rxd5 41. Kf1 Bd6 42. Ke2 Bc5 43. Ne1 Re5+ 44. Kf1 b6 45. Nd3 Rd5 46. Ke2 Bd4 47.
h4 Ke7 48. Nb4 Rd6 49. h5 Bc5 50. Nd3 Rd5 51. g4 Bd6 52. Ke3 f5 53. f3 Kf6 54.
Ke2 Kg5 55. gxf5 Rxf5 56. Rg1+ Kf6 57. Nf2 Be7 58. Ng4+ Kf7 59. f4 Bd6 60. Ra1
Rxh5 61. Ra7+ Kg6 62. Rd7 Bxf4 63. Kf3 Rf5 64. Rb7 h5 65. Nf2 Bd6+ 66. Kg2 Rxb5
67. Rd7 Rg5+ 68. Kh1 Bc5 69. Nd3 Rf5 70. Kg2 Kf6 71. Kh3 Rd5 72. Nxc5 bxc5 73.
Rc7 g5 74. Rc6 Kf5 75. Rc8 Ke4 76. Rh8 Rd3+ 77. Kg2 h4 78. Rg8 Rg3+ 79. Kf2 Rf3+
80. Kg2 Rf5 81. Rg6 e5 82. Rc6 Kd4 83. Rd6+ Kc3 84. Kh3 Rf3+ 85. Kg2 Rg3+ 86.
Kf2 c4 87. Re6 Kd4 88. Rd6+ Ke4 89. Rc6 c3 90. Rc4+ Kd3 91. Rc6 Kd2 92. Rc7 c2
93. Rc5 Rd3 0-1

[Event "Chigorin Memorial"]
[Site "St Petersburg RUS"]
[Date "2013.10.11"]
[Round "7.69"]
[White "Androsov, Sergey"]
[Black "Cheremnova, Tamara"]
[Result "0-1"]
[BlackTitle "WIM"]
[WhiteElo "2114"]
[BlackElo "2289"]
[WhiteFideId "4102681"]
[BlackFideId "4175026"]
[EventDate "2013.10.05"]

1. e4 c6 2. Nc3 d5 3. Nf3 Nf6 4. e5 Ne4 5. Ne2 Qb6 6. d4 e6 7. c3 c5 8. Qc2 Nc6
9. Be3 Bd7 10. dxc5 Qc7 11. b4 Nxe5 12. Nxe5 Qxe5 13. Bd4 Qf5 14. f3 Ng3 15.
Qxf5 Nxf5 16. Nf4 f6 17. Bf2 g5 18. Nh5 Kf7 19. Bd3 e5 20. g4 Nh4 21. Be2 Be7
22. O-O-O Be6 23. Kb2 Ng6 24. h3 Nf4 25. Nxf4 gxf4 26. Bd3 h5 27. Bc2 Rad8 28.
Rdg1 a6 29. a4 Rc8 30. Re1 a5 31. Reg1 Rh6 32. Bf5 Rch8 33. h4 hxg4 34. Bxe6+
Kxe6 35. Rxg4 f5 36. Rg7 R6h7 37. Rhg1 Rxg7 38. Rxg7 Kf6 39. Rg1 Kf7 40. Re1 e4
41. Rh1 e3 42. Be1 Rg8 43. Kc2 Rg2+ 44. Kd3 axb4 45. cxb4 Bf6 46. Bc3 d4 47. Be1
Ra2 48. b5 Rxa4 49. c6 bxc6 50. bxc6 Be5 51. h5 Ra6 52. h6 Rxc6 53. h7 Rc8 54.
Bb4 Rh8 55. Rh6 Bg7 56. Rh4 Kg6 57. Bd6 Rxh7 58. Rxh7 Kxh7 59. Bxf4 Kg6 0-1

[Event "Chigorin Memorial"]
[Site "St Petersburg RUS"]
[Date "2013.10.11"]
[Round "7.70"]
[White "Belov, Nikita"]
[Black "Pletnev, Evgeniy"]
[Result "1-0"]
[WhiteElo "2108"]
[BlackElo "2278"]
[WhiteFideId "24167177"]
[BlackFideId "24104140"]
[EventDate "2013.10.05"]

1. c4 f5 2. Nc3 Nf6 3. g3 g6 4. Bg2 Bg7 5. e3 O-O 6. Nge2 d6 7. O-O c6 8. b3 a5
9. Bb2 e5 10. d3 Na6 11. Qd2 g5 12. f4 h6 13. Na4 exf4 14. exf4 g4 15. Rae1 Nc5
16. Nxc5 dxc5 17. Ba3 Re8 18. Bxc5 Ne4 19. Bxe4 fxe4 20. d4 b6 21. Ba3 a4 22. b4
Be6 23. d5 cxd5 24. f5 Bf7 25. f6 Bf8 26. Qf4 Qd7 27. Nd4 dxc4 28. Nf5 Kh7 29.
b5 Be6 30. Bxf8 Kg8 31. f7+ Bxf7 32. Nxh6+ 1-0

[Event "Chigorin Memorial"]
[Site "St Petersburg RUS"]
[Date "2013.10.11"]
[Round "7.72"]
[White "Gadzhiev, Farid"]
[Black "Komiagina, Maria"]
[Result "0-1"]
[BlackTitle "WIM"]
[WhiteElo "1887"]
[BlackElo "2272"]
[WhiteFideId "24194450"]
[BlackFideId "4153987"]
[EventDate "2013.10.05"]

1. e4 c5 2. d4 cxd4 3. c3 d3 4. Bxd3 Nc6 5. Nf3 d6 6. Bc4 e6 7. O-O Nf6 8. Qe2
Be7 9. Rd1 Qc7 10. Bf4 e5 11. Bg5 O-O 12. Nbd2 Be6 13. Nf1 Na5 14. Bd3 h6 15.
Bxf6 Bxf6 16. Ne3 Nc6 17. Bc4 Rad8 18. Nd5 Bxd5 19. Bxd5 g6 20. Rd2 Kg7 21. Rad1
Be7 22. Qc4 Rc8 23. Ne1 Qb6 24. Qd3 Bg5 25. Re2 Ne7 26. Bb3 Rcd8 27. Nf3 Bf6 28.
Nd2 Qc5 29. Nf1 Bg5 30. Ne3 Bxe3 31. Qxe3 Qa5 32. Red2 Nc8 33. Rd5 Qc7 34. h4
Qe7 35. Qg3 h5 36. R5d3 Nb6 37. f4 Nd7 38. Rxd6 Nc5 39. Rxd8 Rxd8 40. Rxd8 Qxd8
41. Bd5 exf4 42. Qxf4 Qe7 43. g3 b6 44. Qe3 Nd7 45. Qd4+ Ne5 46. Kg2 Qf6 47. Qe3
Qe7 48. b4 f6 49. a3 Qd7 50. Bb3 Qg4 51. c4 g5 52. hxg5 fxg5 53. c5 h4 54. cxb6
h3+ 55. Kh1 axb6 56. a4 Kh7 57. a5 Qc8 58. axb6 Qf8 59. Qe2 g4 60. Qc2 Qf1+ 0-1

[Event "Chigorin Memorial"]
[Site "St Petersburg RUS"]
[Date "2013.10.11"]
[Round "7.73"]
[White "Sadovsky, Artem"]
[Black "Kharmunova, Nadezhda"]
[Result "0-1"]
[BlackTitle "WIM"]
[WhiteElo "2263"]
[BlackElo "2148"]
[WhiteFideId "4155840"]
[BlackFideId "4195876"]
[EventDate "2013.10.05"]

1. b3 e5 2. Bb2 Nc6 3. e3 d5 4. Bb5 Bd6 5. Nf3 f6 6. d4 e4 7. Nfd2 a6 8. Bxc6+
bxc6 9. c4 f5 10. Qc2 Nf6 11. Nc3 O-O 12. O-O-O Ng4 13. c5 Be7 14. Nf1 f4 15. h3
fxe3 16. hxg4 Rxf2 17. Ne2 Bxg4 18. Re1 Bh4 19. Nxe3 Qg5 20. Qd2 Raf8 21. g3
Bxg3 22. Nxg3 Rxd2 23. Kxd2 Rf2+ 24. Kc3 Rf3 25. Nf1 Bh3 26. Bc1 Qg2 27. Nh2 Rg3
28. a4 Qf2 29. Kb4 h5 30. Ka5 Qa2 31. b4 g5 32. Nhf1 Rf3 33. Nd2 Rf8 34. Nd1 Rb8
35. Nc3 Rb5+ 36. Kxa6 Bc8+ 37. Ka7 Rb7+ 38. Ka8 Qc2 39. Rxh5 Qxc3 40. Rxg5+ Kf7
41. Rf1+ Ke7 42. Rg7+ Ke6 43. Rgf7 Qxd4 44. Nb3 Qc3 45. Bg5 d4 46. R1f5 Qxb3 47.
R7f6+ Kd7 48. Rf7+ Qxf7 49. Rxf7+ Ke6 50. Rf8 Rxb4 51. Rxc8 Rxa4+ 52. Kb7 Kd5
53. Be7 Ke6 54. Rxc7 e3 55. Bd6 d3 56. Re7+ Kd5 57. Rd7 Rd4 58. Bg3+ Kxc5 59.
Rc7 Rb4+ 60. Kc8 d2 0-1

[Event "Chigorin Memorial"]
[Site "St Petersburg RUS"]
[Date "2013.10.11"]
[Round "7.75"]
[White "Hairapetian, Anna"]
[Black "Zherebtsova, Alexandra"]
[Result "1/2-1/2"]
[WhiteTitle "WIM"]
[WhiteElo "2227"]
[BlackElo "2078"]
[WhiteFideId "13303554"]
[BlackFideId "24129518"]
[EventDate "2013.10.05"]

1. e4 e5 2. Nf3 Nc6 3. Bb5 a6 4. Ba4 Nf6 5. O-O Be7 6. Re1 b5 7. Bb3 O-O 8. h3
d6 9. c3 Na5 10. Bc2 c5 11. d4 Qc7 12. d5 Nd7 13. Nbd2 Nb6 14. g4 h5 15. Nh2 Bg5
16. Ndf1 Qe7 17. Ng3 hxg4 18. hxg4 g6 19. Kg2 Kg7 20. Rh1 Rh8 21. b3 Bd7 22. Bd2
c4 23. b4 Nb7 24. Qc1 Bxd2 25. Qxd2 Rag8 26. f3 a5 27. Qe3 Qd8 28. a3 a4 29.
Raf1 Nc8 30. f4 f6 31. Rf2 Qe7 32. Rhf1 Nd8 33. Kg1 Nf7 34. Bd1 Rf8 35. g5 Bh3
36. Re1 fxg5 37. f5 Qa7 38. Qd2 Rh4 39. fxg6 Nh6 40. Bf3 Bg4 41. Re3 Rf4 42.
Bxg4 Rxf2 43. Qxf2 Rxh2 44. Nh5+ Kxg6 45. Qf6+ Kh7 46. Bf5+ Nxf5 47. Qxf5+ Kh6
48. Kxh2 Qxe3 49. Ng3 Nb6 50. Qf6+ Kh7 51. Qf7+ Kh8 52. Qh5+ Kg8 53. Qg6+ Kh8
54. Qxd6 Qxc3 55. Qxb6 Qd2+ 56. Kh3 c3 57. Qd8+ Kh7 58. Qe7+ Kg8 59. d6 c2 60.
Qd8+ Kh7 61. Qd7+ Kh8 62. Qc8+ Kh7 63. Qf5+ Kg8 64. Qe6+ Kh7 65. Qe7+ Kg6 66.
Qe6+ Kh7 67. Qf5+ Kh6 68. Qf8+ Kh7 69. Qf7+ Kh8 70. d7 g4+ 71. Kxg4 c1=Q 72.
Qf6+ Kh7 73. Qf7+ Kh8 74. Qh5+ Kg8 75. Qg6+ Kh8 76. Qe8+ Kh7 77. Qe7+ Kg6 78.
Qe6+ Kh7 79. Qf7+ Kh8 80. Qf6+ Kh7 81. Qf7+ Kh8 1/2-1/2

[Event "Chigorin Memorial"]
[Site "St Petersburg RUS"]
[Date "2013.10.11"]
[Round "7.76"]
[White "Assaubayeva, Bibissara"]
[Black "Severina, Maria"]
[Result "0-1"]
[WhiteTitle "WFM"]
[BlackTitle "WIM"]
[WhiteElo "1820"]
[BlackElo "2227"]
[WhiteFideId "13708694"]
[BlackFideId "4116909"]
[EventDate "2013.10.05"]

1. e4 e5 2. Nf3 Nc6 3. Bb5 a6 4. Bxc6 dxc6 5. O-O f6 6. d4 exd4 7. Nxd4 c5 8.
Nb3 Qxd1 9. Rxd1 Bg4 10. f3 Bd7 11. Nc3 O-O-O 12. Bf4 c4 13. Nd4 Ne7 14. Rd2 Ng6
15. Bg3 Bc5 16. Rad1 Ne5 17. Kf1 b5 18. Nd5 Rhe8 19. Nf4 c3 20. bxc3 b4 21. Ke1
bxc3 22. Re2 Nc4 23. Nd5 Nb2 24. Nb3 Nxd1 25. Kxd1 Bb5 26. Re1 Ba3 27. Bf2 c6
28. Re3 Bb2 29. a4 Bxa4 30. Nc5 Bb5 31. Nd3 cxd5 32. Nxb2 cxb2 33. Rc3+ Bc4 0-1

[Event "Chigorin Memorial"]
[Site "St Petersburg RUS"]
[Date "2013.10.11"]
[Round "7.78"]
[White "Drozdova, Dina"]
[Black "Martynyuk, Elizaveta"]
[Result "1-0"]
[WhiteTitle "WIM"]
[WhiteElo "2291"]
[BlackElo "2032"]
[WhiteFideId "4170695"]
[BlackFideId "24128511"]
[EventDate "2013.10.05"]

1. Nc3 d5 2. d4 Nf6 3. Bg5 h6 4. Bh4 Bf5 5. e3 e6 6. Bd3 Bxd3 7. Qxd3 a6 8. f4
Be7 9. Bxf6 Bxf6 10. Nf3 Nd7 11. O-O O-O 12. Ne2 c5 13. c3 Qb6 14. Qd2 cxd4 15.
exd4 e5 16. fxe5 Nxe5 17. Nxe5 Bxe5 18. Nc1 Bf6 19. Nd3 Rae8 20. Qf2 Bg5 21.
Rae1 Re4 22. Nc5 Rf4 23. Qe2 Qc7 24. g3 Rxf1+ 25. Kxf1 Qa5 26. a3 b5 27. Qe5 b4
28. axb4 Qa2 29. Qe2 Ra8 30. b3 Qa3 31. Qc2 g6 32. h4 Bf6 33. Qc1 Qxc1 34. Rxc1
a5 35. Ra1 Bd8 36. Kf2 Kf8 37. Nb7 Bc7 38. bxa5 Ke7 39. b4 Kd7 40. b5 Bb6 41.
Nc5+ Kd6 42. Nb3 Ba7 43. b6 Bb8 44. Nc5 Kc6 45. b7 Ra7 46. a6 Bd6 47. Re1 Kb5
48. Re8 Kc4 49. Ra8 Bxc5 50. dxc5 Rxa8 51. bxa8=Q Kxc3 52. Qxd5 Kc2 53. Qd4 Kc1
54. Qc3+ Kb1 55. Ke2 Ka2 56. Kd2 f6 57. Kc2 h5 58. Qb2# 1-0

[Event "Chigorin Memorial"]
[Site "St Petersburg RUS"]
[Date "2013.10.11"]
[Round "7.79"]
[White "Kuzmin, Egor"]
[Black "Radkov, Bazhen D."]
[Result "0-1"]
[WhiteElo "2190"]
[BlackElo "2027"]
[WhiteFideId "24101737"]
[BlackFideId "24170593"]
[EventDate "2013.10.05"]

1. d4 Nf6 2. c4 g6 3. Nc3 Bg7 4. e4 d6 5. Nf3 O-O 6. Be2 e5 7. O-O exd4 8. Nxd4
Re8 9. f3 c6 10. Nc2 Na6 11. Re1 Nh5 12. g4 Nf6 13. Bf4 h5 14. h3 hxg4 15. hxg4
Nh7 16. Kg2 Be5 17. Bxe5 dxe5 18. Qxd8 Rxd8 19. Red1 Be6 20. b4 Nc7 21. Kg3 f6
22. a4 Bf7 23. f4 Ne6 24. f5 Nd4 25. Nxd4 exd4 26. Na2 Ng5 27. Bd3 Re8 28. Re1
Re5 29. b5 Rae8 30. Kf4 c5 31. Nc1 Nh3+ 32. Kg3 Ng5 33. Kf4 Nh3+ 34. Kg3 Ng5 35.
Nb3 Nxe4+ 36. Bxe4 Rxe4 37. Rxe4 Rxe4 38. Nxc5 Re3+ 39. Kf2 b6 40. Ne6 Bxe6 41.
fxe6 Rxe6 42. a5 d3 43. Rd1 Rd6 44. Ke3 Kf7 45. Rxd3 Rxd3+ 46. Kxd3 Ke6 47. c5
bxa5 0-1

[Event "Chigorin Memorial"]
[Site "St Petersburg RUS"]
[Date "2013.10.11"]
[Round "7.81"]
[White "Emdin, Mark"]
[Black "Kantyshev, Nikita"]
[Result "1/2-1/2"]
[WhiteElo "2177"]
[BlackElo "1979"]
[WhiteFideId "4100050"]
[BlackFideId "4186737"]
[EventDate "2013.10.05"]

1. e4 d5 2. exd5 Qxd5 3. Nc3 Qa5 4. d4 c6 5. Bc4 Nf6 6. h3 e6 7. Nf3 Be7 8. Bd2
Qc7 9. O-O O-O 10. Qe2 b5 11. Bd3 Bb7 12. Ne4 Nbd7 13. c3 a6 14. Nxf6+ Nxf6 15.
b4 a5 16. a3 axb4 17. axb4 Nd7 18. Rxa8 Rxa8 19. Re1 Bf6 20. Qe4 g6 21. Bf4 Qc8
22. Qe2 Nb6 23. Bg5 Qd8 24. Bxf6 Qxf6 25. Nd2 Nd5 26. Ne4 Qe7 27. Qb2 Nf4 28.
Bf1 Kg7 29. Nc5 Bc8 30. g3 Nd5 31. Bg2 Qa7 32. Bxd5 exd5 33. Kg2 h5 34. Re3 Bf5
35. Qe2 Qa2 36. Qxa2 Rxa2 37. h4 Rc2 38. Kf1 Be4 39. Nb7 Rc1+ 40. Ke2 Rc2+ 41.
Kf1 Rc1+ 1/2-1/2

[Event "Chigorin Memorial"]
[Site "St Petersburg RUS"]
[Date "2013.10.11"]
[Round "7.82"]
[White "Kalinin, Nikita"]
[Black "Solak, Rade"]
[Result "1-0"]
[WhiteElo "2167"]
[BlackElo "1977"]
[WhiteFideId "24155390"]
[BlackFideId "923591"]
[EventDate "2013.10.05"]

1. e4 e6 2. d4 d5 3. Nc3 Bb4 4. e5 c5 5. Bd2 Nc6 6. Nb5 Bxd2+ 7. Qxd2 Nxd4 8.
Nxd4 cxd4 9. O-O-O Ne7 10. f4 Bd7 11. Nf3 Rc8 12. Nxd4 Qc7 13. h4 a6 14. h5 Nc6
15. Nxc6 bxc6 16. Rh3 c5 17. c4 Bc6 18. g4 O-O 19. Qf2 f6 20. cxd5 Bxd5 21. Bxa6
Ra8 22. Ra3 fxe5 23. f5 Qc6 24. Bd3 Rxa3 25. bxa3 c4 26. Bb1 Qa4 27. Qe3 Rb8 28.
Bc2 Qb5 29. Qxe5 Rb6 30. fxe6 Bxe6 31. Rd8+ Kf7 32. Qf4+ Bf5 33. Qxf5+ Qxf5 34.
Bxf5 g6 35. Bc2 gxh5 36. gxh5 Rb5 37. Rd7+ Ke6 38. Rxh7 Ke5 39. h6 Kd4 40. Rg7
Rh5 41. h7 Rh3 42. Rg8 1-0

[Event "Chigorin Memorial"]
[Site "St Petersburg RUS"]
[Date "2013.10.11"]
[Round "7.83"]
[White "Loginov, Anton"]
[Black "Fedoseeva, Valentina"]
[Result "0-1"]
[WhiteElo "2156"]
[BlackElo "1950"]
[WhiteFideId "4125134"]
[BlackFideId "4169875"]
[EventDate "2013.10.05"]

1. e4 e5 2. Nf3 Nc6 3. Bb5 a6 4. Ba4 Nf6 5. d3 b5 6. Bb3 Be7 7. Nc3 d6 8. Nd5
Nxd5 9. Bxd5 Bb7 10. d4 Rb8 11. c3 O-O 12. Be3 Bf6 13. dxe5 dxe5 14. b4 Qd7 15.
h3 Bc8 16. a4 Bb7 17. O-O Qc8 18. Nd2 Nd8 19. Bxb7 Nxb7 20. Qe2 Nd6 21. Bc5 Rd8
22. Rfd1 Nb7 23. Be3 Nd6 24. Ba7 Ra8 25. Bc5 Qb7 26. f3 Qc6 27. Nb3 Nc4 28.
Rxd8+ Bxd8 29. Qa2 Nb6 30. axb5 axb5 31. Na5 Qd7 32. Qc2 Na4 33. Bf2 c5 34. Nb3
cxb4 35. cxb4 Be7 36. Rd1 Qe6 37. Bc5 Qc6 38. Qf2 Nxc5 39. Nxc5 g6 40. Rd5 Bg5
41. g3 Ra1+ 42. Kg2 Qa8 43. f4 exf4 44. gxf4 Be7 45. Qe2 Qa3 46. Rd1 Rxd1 47.
Qxd1 Qxb4 0-1

[Event "Chigorin Memorial"]
[Site "St Petersburg RUS"]
[Date "2013.10.11"]
[Round "7.84"]
[White "Ustinov, Alexey"]
[Black "Mamyrbay, Assad"]
[Result "1-0"]
[WhiteElo "2125"]
[BlackElo "1888"]
[WhiteFideId "24126209"]
[BlackFideId "13708880"]
[EventDate "2013.10.05"]

1. g3 d5 2. Bg2 Nf6 3. Nf3 c6 4. O-O Bf5 5. d3 e6 6. b3 Be7 7. Bb2 h6 8. c4 O-O
9. Nbd2 a5 10. a3 Na6 11. Qc2 Bh7 12. Rfd1 Nd7 13. e4 Ndc5 14. Bc3 Qb6 15. Rab1
dxe4 16. dxe4 Rfd8 17. b4 axb4 18. axb4 Nd3 19. Bd4 Rxd4 20. Nxd4 Ndxb4 21. Qc3
Bf6 22. c5 Qxc5 23. Qxc5 Nxc5 24. Rxb4 Na6 25. Ra4 b5 26. Ra2 Bxd4 27. Nf3 Bc3
28. Rxa6 Rc8 29. Rxc6 1-0